Chilean electric
Na minha lista:
| Autor principal: | |
|---|---|
| Formato: | Livro |
| Idioma: | espanhol |
| Publicado em: |
Viña del Mar
Alquimia Ediciones
2017
|
| Edição: | 2a. ed |
| Assuntos: | |
| Tags: |
Adicionar Tag
Sem tags, seja o primeiro a adicionar uma tag!
|
MARC
| LEADER | 00000cam a2200000 a 4500 | ||
|---|---|---|---|
| 001 | UCC7744 | ||
| 003 | CL-VaPUC | ||
| 008 | 190505e20170000cl |||||||||||||||||spa|d | ||
| 020 | |a 9789569131448 | ||
| 082 | 0 | 4 | |a Ch863 |b FER |2 21 |
| 100 | |a Fernández, Nona |e autora |9 602418 | ||
| 245 | 1 | 0 | |a Chilean electric |
| 250 | |a 2a. ed | ||
| 300 | |a 100 p | ||
| 942 | |c BK | ||
| 945 | |d 20190505 21:05:00 |a dcastane | ||
| 260 | |a Viña del Mar |b Alquimia Ediciones |c 2017 | ||
| 650 | 0 | |a Novelas chilenas |9 265425 | |
| 650 | 0 | |a Literatura chilena |9 308278 | |
| 583 | |a last modification |c 20190505 21:05:00 |k Rodrigo Vera | ||
| 999 | |c 374294 |d 374292 | ||